Kalambury - Zespoły muzyczne - Statystyki

Ogólne statystyki
  • Ten quiz został rozwiązany 92 razy
  • Średni wynik to 11 z 20
Statystyki odpowiedzi
Obrazkowy Odpowiedź % Poprawnych
Scorpions
91%
Queen
89%
The Police
87%
Guns N' Roses
84%
The Doors
84%
Red Hot Chili Peppers
80%
Radiohead
71%
Pearl Jam
57%
Imagine Dragons
55%
Twenty One Pilots
55%
The Cars
52%
The Beatles
51%
Poison
45%
Deep Purple
44%
Korn
44%
Soundgarden
36%
White Stripes
28%
Garbage
19%
Iron Maiden
19%
Muse
15%
Nie znaleziono quizów pasujących do podanych kryteriów
Rozkład punktacji
Procent ludzi z każdym wynikiem
Percentyl według liczby udzielonych odpowiedzi
Twoja historia wyników
Nie rozwiązałeś tego quizu